|
|
|
|
| LEADER |
00000nam2a2200000 4500 |
| 001 |
307884 |
| 005 |
20251212105915.0 |
| 010 |
|
|
|a 9785811401901
|
| 035 |
|
|
|a (RuTPU)RU\TPU\book\333191
|
| 035 |
|
|
|a RU\TPU\book\119001
|
| 090 |
|
|
|a 307884
|
| 100 |
|
|
|a 20070220d2015 m y0rusy50 ca
|
| 101 |
0 |
|
|a rus
|
| 102 |
|
|
|a RU
|
| 105 |
|
|
|a a j 001zy
|
| 200 |
0 |
|
|a Ч. 1
|
| 205 |
|
|
|a 10-е изд., стер.
|
| 210 |
|
|
|d 2015
|
| 215 |
|
|
|a 441 с.
|
| 320 |
|
|
|a Алфавитный указатель: с. 434-440.
|
| 330 |
|
|
|a Учебник отличается систематическим и строгим изложением основ математического анализа. Материал излагается в логической последовательности и сопровождается примерами, облегчающими процесс усвоения теоретических положений курса. Автор уделяет особое внимание прикладному значению анализа как в самой математике, так и в смежных областях знания — в физике, механике и технике. Учебник предназначен для студентов первого и второго курсов математических отделений вузов.
|
| 461 |
|
1 |
|0 299315
|y 978-5-9511-0010-8
|t Основы математического анализа
|o учебник
|f Г. М. Фихтенгольц
|e 9-е изд., стер.
|c Санкт-Петербург
|n Лань
|d 2015
|s Учебники для вузов. Специальная литература
|v Ч. 1
|9 299315
|
| 600 |
|
1 |
|a Ньютон
|g Исаак
|b И.
|f 1642 - 1726
|c английский математик
|c механик
|c астроном
|c физик
|2 stltpui
|3 (RuTPU)RU\TPU\pers\346
|
| 600 |
|
1 |
|a Лейбниц
|g Готфрид Вильгельм
|f 1646-1716
|b Г. В.
|c немецкий философ, математик, физик, языковед
|2 stltpui
|3 (RuTPU)RU\TPU\pers\422
|
| 606 |
1 |
|
|a Математический анализ
|2 stltpush
|3 (RuTPU)RU\TPU\subj\41236
|9 61042
|
| 610 |
1 |
|
|a математика
|
| 610 |
1 |
|
|a функции одной переменной
|
| 610 |
1 |
|
|a пределы
|
| 610 |
1 |
|
|a дифференцирование
|
| 610 |
1 |
|
|a дифференциальные исчисления
|
| 610 |
1 |
|
|a функции нескольких переменных
|
| 610 |
1 |
|
|a неопределенные интегралы
|
| 610 |
1 |
|
|a определенные интегралы
|
| 610 |
1 |
|
|a интегральное исчисления
|
| 610 |
1 |
|
|a история
|
| 610 |
1 |
|
|a учебники
|
| 675 |
|
|
|a 517(075.8)
|v 3
|
| 801 |
|
1 |
|a RU
|b 63413507
|c 20151027
|
| 801 |
|
2 |
|a RU
|b 63413507
|c 20151223
|g RCR
|
| 942 |
|
|
|c BK
|